000 00461nam a2200181Ia 4500
001 2185
005 20260306143823.0
008 260306t2005||||xx |||||||||||||| ||spa||
041 _aESP
082 _a616.0098
_bC77
100 _aCook, Noble David
_eAUT
245 0 _aLa conquista biológica:
_blas enfermedades en el Nuevo Mundo
260 _c2005
300 _axiii, 263 páginas :
_c22 cm.
650 _aGEN
654 _aCPS
942 _cLIB
_dJUS
_fJUS
_2ddc
_n
999 _c2185
_d2185